Statistiques concernant Les personnages de l'attaque des titans

Cliquez ici pour prendre le quiz!

Statistiques générales

  • Ce quiz a été pris 671 fois
  • Le résultat moyen est 45 sur 94

Statistiques - réponses

HintRéponse% Correct
1Eren Jäger
100%
3Armin Arlelt
99%
4Livaï Ackerman
99%
2Mikasa Ackerman
99%
6Erwin Smith
95%
7Connie Springer
94%
9Jean Kirstein
94%
8Sasha Braus
94%
14Reiner Braun
91%
13Annie Leonhart
90%
15Bertholt Hoover
89%
5Hansi Zoé
89%
12Historia Reiss
88%
28Ymir
85%
10Grisha Jäger
83%
19Gaby Braun
82%
24Sieg
82%
20Falco Gleis
77%
17Dot Pixis
75%
16Marco Bott
75%
21Peak Finger
75%
11Carla Jäger
74%
62Porco Galliard
74%
23Kenny Ackerman
72%
55Kenny Ackerman
72%
36Petra Ralle
68%
37Erd Gin
60%
46Marcel Galliard
60%
59Floch Forster
54%
18Jelena
52%
87Le titan Colossal
51%
89Le titan Cuirassé
51%
90Le titan Bestial
50%
48Rhodes Reiss
50%
22Eren Kruger
49%
26Hannes
49%
88Le titan Féminin
49%
91Le titan Mâchoire
49%
66Theo Magath
49%
49Frida Reiss
48%
93Le titan Marteau d'Armes
48%
86Le titan Assaillant
47%
25Keith Shadis
45%
35Mike Zacharias
45%
65Sophia
45%
81Dinah Fritz
43%
92Le titan Charrette
43%
85Le titan Originel
43%
74Onyankopon
42%
64Udo
42%
69Ymir Fritz
42%
39Aururo Bossard
41%
44Hitch Dreyse
41%
72Maria Fritz
39%
45Marlowe Freudenberg
38%
70Rose Fritz
38%
71Sina Fritz
38%
29Thomas Wagner
38%
67Tom Xaver
38%
79Willy Teyber
38%
31Daris Zackley
36%
50Uri Reiss
36%
38Gunther Schultz
35%
75Niccolo
35%
30Mina Carolina
34%
82Karl Fritz
33%
34Moblit Berner
29%
80Lara Teyber
28%
63Kord Gleiss
27%
52Abel Reiss
26%
78Kaya
26%
43Pasteur Nick
25%
40Naile Dork
24%
73Kiyomi Azumabito
23%
83Kuchel Ackerman
23%
60Faye Jäger
21%
33Rico Brzenska
21%
95Bean
17%
68Karina Braun
17%
57Dimo Reeves
16%
54Florian Reiss
16%
94Sawney
15%
84Alma
14%
56Flegel Reeves
13%
76Arthur Braus
12%
32Kitts Verman
12%
51Dirk Reiss
11%
77Lisa Braus
11%
58Traute Caven
11%
41Dieter Ness
10%
47Djel Sanes
10%
27Moses Braun
10%
53Ulklin Reiss
10%
42Luke Siss
9%

Distribution des résultats

Percentile par nombre de réponses

% des personnes avec chaque résultat

Votre développement - résultats

Vous n’avez pas pris ce quiz